00657nam a2200169 a 450000100100000000500170001000800410002704000250006808200150009310000470010824500490015526000650020430000210026904900090029095201710029999900170047000003242520211021125226.0110718s1933 dr 000 0 spa d aDO-SdBNPbspacBNPHU axxxbM358p1 aMarrero Aristy, Ramón,d1913-195992232410aPerfiles agrestes /cRamón Marrero Aristy. aLa Romana, República Dominicana :bImprenta Romana,c1933. a100 p. ;c19 cm. aBNPD 001050718RVaPDbPDcCTd2011-07-18iLF1l0oxxx M358pp32425-10r2020-06-25w2020-06-25y1zPerteneció a la biblioteca personal de Martínez BoogZNo se presta c31916d31916